| 000 | 00379nam a2200145Ia 4500 | ||
|---|---|---|---|
| 008 | 230917s9999||||xx |||||||||||||| ||und|| | ||
| 040 |
_e142313 _aMAIN |
||
| 041 | _aEnglish | ||
| 082 | _a364.072 H12R | ||
| 100 | _aHagan, Frank C | ||
| 245 | 0 | _aResearch methods in criminal justice and criminology | |
| 260 |
_aNew York _bMacmillan _c1982 |
||
| 300 | _axii, 461 p. | ||
| 942 | _cBK | ||
| 999 |
_c54557 _d54557 |
||